000
00334nam a2200157Ia 4500
003
OSt
005
20231226071049.0
008
170524s9999 xx 000 0 und d
020
_a
9780195670929
040
_c
IIMTU
100
_a
Morthi- V.R.
245
0
_a
Power Electronics
260
_b
Oxford
260
_c
2010
942
_2
ddc
_c
02
999
_c
5859
_d
5859